|
|
|
|
| LEADER |
00000nas a2200000 a 4500 |
| 001 |
ssj0025732 |
| 003 |
WaSeSS |
| 005 |
20200512172242.0 |
| 006 |
m d |
| 007 |
cr n |
| 008 |
020821c19989999nyu x ss r 0 0eng c |
| 010 |
|
|
|a 2004255361
|
| 035 |
|
|
|a (WaSeSS)ssj0025732
|
| 040 |
|
|
|a BNG
|b eng
|c BNG
|d DLC
|d OCLCQ
|d ZCU
|d UQ1
|d U9S
|d OCLCQ
|d OCLCO
|d OCLCF
|d COO
|d OCLCQ
|d WaSeSS
|
| 042 |
|
|
|a pcc
|
| 050 |
1 |
4 |
|a ZA4225
|
| 130 |
0 |
|
|a Best of the Web (Online)
|
| 245 |
1 |
0 |
|a Forbes best of the Web
|h [electronic resource].
|
| 246 |
3 |
|
|a Forbes.com, best of the Web
|
| 246 |
3 |
0 |
|a Best of the Web
|
| 260 |
|
|
|a New York :
|b Forbes
|
| 362 |
1 |
|
|a Print began with 1998?
|
| 506 |
|
|
|a License restrictions may limit access.
|
| 538 |
|
|
|a Mode of access: World Wide Web.
|
| 588 |
|
|
|a Description based on: Vol. 169, issue 7 (Mar. 25, 2002); title from journal homepage (ProQuest, viewed Aug. 12, 2004).
|
| 650 |
|
0 |
|a Web sites
|v Directories.
|
| 650 |
|
0 |
|a Internet addresses
|v Directories.
|
| 650 |
|
0 |
|a Computer network resources
|v Directories.
|
| 650 |
|
6 |
|a Web
|v Périodiques.
|
| 650 |
|
6 |
|a Internet
|v Périodiques.
|
| 650 |
|
7 |
|a Computer network resources.
|2 fast
|0 (OCoLC)fst00872288
|
| 650 |
|
7 |
|a Internet addresses.
|2 fast
|0 (OCoLC)fst00977218
|
| 650 |
|
7 |
|a Web sites.
|2 fast
|0 (OCoLC)fst01173248
|
| 650 |
|
7 |
|a World Wide Web.
|2 rasuqam
|
| 650 |
|
7 |
|a Internet.
|2 rasuqam
|
| 655 |
|
0 |
|a Electronic journals.
|
| 776 |
1 |
|
|t Best of the Web
|w (DLC) 2003204735
|w (OCoLC)44076488
|
| 856 |
4 |
0 |
|z Full text available from Research Library: 03/25/2002 to 10/07/2002
|u https://search.proquest.com/publication/26602
|